| 000 | 01217cam a2200349 i 4500 | ||
|---|---|---|---|
| 999 |
_c200438022 _d56234 |
||
| 001 | 200438022 | ||
| 003 | TR-AnTOB | ||
| 005 | 20200323162050.0 | ||
| 007 | ta | ||
| 008 | 041102s2016 tu tur tur | ||
| 020 | _a9789752899247 | ||
| 040 |
_aTR-AnTOB _beng _erda _cTR-AnTOB |
||
| 041 | 1 |
_atur _hfre |
|
| 050 | 1 | 4 |
_aPQ2673.O9467 _bS219 2016 |
| 090 |
_aPQ2673.O9467 _bS219 2016 |
||
| 100 | 1 |
_aMourad, Kenize _eauthor _918789 |
|
| 240 | 1 | 3 |
_aDe la part de la princesse morte. _lTurkish. |
| 245 | 1 | 0 |
_aSaraydan sürgüne / _cKenizé Mourad ; Türkçesi: Nuriye Yiğitler, Gökçe Tuncer. |
| 250 |
_a16. basım: _bŞubat 2016 |
||
| 264 | 1 |
_aİstanbul : _bEverest Yayınları, _c2016. |
|
| 300 |
_a597 pages ; _c23 cm |
||
| 336 |
_2rdacontent _atext _btxt |
||
| 337 |
_2rdamedia _aunmediated _bn |
||
| 338 |
_2rdacarrier _avolume _bnc |
||
| 490 | 0 |
_aEverest Yayınları ; _v97 _aÇağdaş Dünya Edebiyatı ; _v36 |
|
| 600 | 0 | 0 |
_9127510 _aSelma, _cPrenses, V. Murad'ın torunu, Türk Sultanı _d1911-1941 |
| 650 | 7 |
_aPrensesler _zTürkiye _2etuturkob _9127509 |
|
| 700 | 1 |
_aYiğitler, Nuriye, _d1943- _etranslator _973397 |
|
| 700 | 1 |
_aTuncer, Gökçe, _d1974- _etranslator _9127508 |
|
| 942 |
_cBK _2lcc |
||